Handheld usability

Αποθηκεύτηκε σε:
Λεπτομέρειες βιβλιογραφικής εγγραφής
Κύριος συγγραφέας: Weiss, Scott
Μορφή: Βιβλίο
Γλώσσα:English
Δημοσίευση: Chichester : John Wiley, c2002
Θέματα:
Ετικέτες: Προσθήκη ετικέτας
Δεν υπάρχουν, Καταχωρήστε ετικέτα πρώτοι!

MARC

LEADER 00000nam a2200000 i 4500
001 1/67391
008 071213s2002 eng d
020 |a 0-470-84446-9 
035 |l 10093048 
040 |a GR-MY-UA  |b gre  |e aacr 
041 0 |a eng 
082 0 |a 621.382  |2 (22) 
100 1 |a Weiss, Scott. 
245 1 0 |a Handheld usability /  |c Scott Weiss 
260 |a Chichester :   |b John Wiley,   |c c2002 
300 |a xx, 271 σ.;  |b εικ.;  |c 24 εκ. 
504 |a Βιβλιογραφία: σ. [263]-266. Ευρετήριο 
650 0 0 |a Mobile computing. 
650 0 0 |a Application software  |x Development. 
650 0 0 |a Pocket computers. 
650 0 0 |a Wireless communication systems  |x Design and construction. 
852 |a INST  |b LESVOS  |e 20080411  |h 621.382 WEI  |p 005100039588  |q 005100039588  |t BK  |y 0 
852 |a INST  |b SYROS  |e 20071213  |h 621.382 WEI  |p 005500006810  |q 005500006810  |t BK  |y 0 
901 |a BIBL5-2007-3 
901 |a BIBL1-2008-1 
909 |a Ε  |b 140641 
909 |a Λ  |b 152085 
922 |a 5ΕΛΗ  |b 200711  |c ΕΠΕΑΕΚ2/ΤΜΣΠΣ  |d ΕΛΕΥΘΕΡΟΥΔΑΚΗΣ 
922 |a 1ΕΛΗ  |b 200803  |c ΕΠΕΑΕΚ2/ΠΤΕ  |d ΕΛΕΥΘΕΡΟΥΔΑΚΗΣ 
970 |a ΚΟΝΤΟΥ  |b ΠΑΡΑΣΚΕΥΗ  |z 2007/12/13